000 00293nam a22001217a 4500
008 170426b xxu||||| |||| 00| 0 eng d
041 _aeng
080 _a546
100 _a12
101 _aSHM
245 _aSYNTHESIS AND TECHNIQUE IN INORGANIC CHEMISTRY
_cANGELICI.R.J
942 _2udc
_cBK
999 _c12167
_d12167